Countries above average population Quiz Stats

Quiz not verified by Sporcle

Challenge
Share
Tweet
Embed
Score 0/35 Timer 07:00
0 Plays Today
% Correct
Pakistan
85.7%
India
82.9%
United States
82.9%
Indonesia
82.9%
Brazil
82.9%
Germany
82.9%
Iran
82.9%
Turkey
82.9%
Thailand
80%
United Kingdom
80%
China
77.1%
France
77.1%
South Africa
77.1%
South Korea
77.1%
Russia
74.3%
Japan
74.3%
Mexico
74.3%
Argentina
74.3%
% Correct
Nigeria
71.4%
Democratic Republic of the Congo
71.4%
Italy
71.4%
Spain
71.4%
Philippines
68.6%
Egypt
68.6%
Colombia
68.6%
Vietnam
65.7%
Ethiopia
65.7%
Kenya
65.7%
Bangladesh
60%
Ukraine
57.1%
Poland
54.3%
Sudan
48.6%
Algeria
45.7%
Tanzania
37.1%
Myanmar
28.6%

You're not logged in!

Compare scores with friends on all Sporcle quizzes.
Join for Free
OR
Log In

You Might Also Like...

Show Comments

Extras

Top Quizzes Today


Score Distribution

Your Account Isn't Verified!

In order to create a playlist on Sporcle, you need to verify the email address you used during registration. Go to your Sporcle Settings to finish the process.

Report this User

Report this user for behavior that violates our Community Guidelines.

Details: